يوم القدس : بيت المقدس و أكناف بيت المقدس صراع الهوية و الأرض / (رقم التسجيلة. 79946)

تفاصيل مارك
000 -LEADER
fixed length control field 00581nam a22001697a 4500
005 - DATE AND TIME OF LATEST TRANSACTION
control field 20251108172448.0
008 - FIXED-LENGTH DATA ELEMENTS--GENERAL INFORMATION
fixed length control field 250721s9999 xx 000 0 ara d
082 14 - DEWEY DECIMAL CLASSIFICATION NUMBER
Classification number 956.411/لجن
111 2# - MAIN ENTRY--MEETING NAME
Meeting name or jurisdiction name as entry element يوم القدس
Location of meeting عمان
Date of meeting 2-4 تشرين الأول (أكتوبر),1999
245 10 - TITLE STATEMENT
Title يوم القدس : بيت المقدس و أكناف بيت المقدس صراع الهوية و الأرض /
264 1# - PRODUCTION, PUBLICATION, DISTRIBUTION, MANUFACTURE, AND COPYRIGHT NOTICE
Place of production, publication, distribution, manufacture عمان :
Name of producer, publisher, distributor, manufacturer لجنة يوم القدس،
300 ## - PHYSICAL DESCRIPTION
Extent 223ص
650 17 - SUBJECT ADDED ENTRY--TOPICAL TERM
Topical term or geographic name as entry element تاريخ فلسطين
650 17 - SUBJECT ADDED ENTRY--TOPICAL TERM
Topical term or geographic name as entry element القدس
942 ## - ADDED ENTRY ELEMENTS (KOHA)
Source of classification or shelving scheme Dewey Decimal Classification
Koha item type كتب
المقتنيات
حالة السحب حالة الفقدان مصدر التصنيف حالة التلف غير قابل للإعارة المكتبة الرئيسية المكتبة الحالية موقع الرف تاريخ التزويد الرقم المتسلسل Total Checkouts رقم الإستدعاء الباركود تاريخ آخر ظهور تاريخ الفاتورة نوع المادة (كوها)
    Dewey Decimal Classification     مكتبة الراية الهاشمية للأطفال مكتبة الراية الهاشمية للأطفال الأطفال 08/10/2015 1466438   956.411/لجن PLD00353855 28/07/2025 08/10/2015 كتب
Implemented & Customized by: BBB with SCIT (Smart Chains for Information Technology)

Powered by Koha